Stavebné sporenie - stále najžiadanejší produkt bývania

Stavebné sporenie ako najžiadanejší finančný produkt na podporu bývania na Slovensku. Výhody stavebného sporenia pre občanov. Prínosy stavebného sporenia pre štát.

Enregistré dans:
Détails bibliographiques
Format: Chapitre de livre
Langue:slovaque
Sujets:
Tags: Ajouter un tag
Pas de tags, Soyez le premier à ajouter un tag!

MARC

LEADER 00000naa a2200000 4500
001 r046798
005 20230920080921.3
041 0 |a slo 
044 |a SK 
245 1 0 |a Stavebné sporenie - stále najžiadanejší produkt bývania 
520 |a Stavebné sporenie ako najžiadanejší finančný produkt na podporu bývania na Slovensku. Výhody stavebného sporenia pre občanov. Prínosy stavebného sporenia pre štát. 
610 2 0 |a sporenie stavebné 
610 2 0 |a bývanie 
610 2 0 |a klienti 
610 2 0 |a úver 
610 2 0 |a štát 
610 2 0 |a Slovensko